[Event "ARG-ch U12"]
[Site "Villa Martelli"]
[Date "2018.02.12"]
[Round "7.4"]
[White "Rodriguez Pinto, Bruno"]
[Black "Corengia, Maximo"]
[Result "0-1"]
[WhiteElo "1606"]
[BlackElo "1388"]
[PlyCount "81"]
[EventDate "2018.02.09"]
[EventType "swiss"]
[EventRounds "9"]
[EventCountry "ARG"]
[SourceTitle "EXT 2024"]
[Source "ChessBase"]
[SourceDate "2023.10.10"]
[SourceVersion "1"]
[SourceVersionDate "2023.10.10"]
[SourceQuality "1"]

1. e4 d5 2. exd5 Qxd5 3. d4 c6 4. Nf3 Nf6 5. c4 Qh5 6. Nc3 Bg4 7. Be2 e6 8. Be3 Bd6 9. h3 Bxf3 10. Bxf3 Qa5 11. 0-0 Nbd7 12. Qd2 Bb4 13. Rfe1 Bxc3 14. Qxc3 Qxc3 15. bxc3 Rc8 16. Rab1 b6 17. a4 0-0 18. a5 h6 19. axb6 axb6 20. Ra1 c5 21. d5 exd5 22. cxd5 Ra8 23. c4 Ne5 24. Be2 Ne4 25. f4 Nd7 26. Bf3 Nd6 27. Be2 Rfe8 28. Rxa8 Rxa8 29. Rb1 Re8 30. Bg4 f5 31. Bxc5 bxc5 32. Bd1 Re1+ 33. Kf2 Rh1 34. Bc2 Rxb1 35. Bxb1 g6 36. Bd3 Nf6 37. Ke3 Nfe4 38. g4 Kf7 39. gxf5 gxf5 40. h4 Kf6 41. h5 0-1